1932 1603 1304 1610 1159 1147 1545 1260 1722 1214 1007 1116 1197 1763 1270 1101 1500 1471 1527 1645 1049 1454 1421 1635 1069 1638 1108 1074 1777 1744 1536 1249 1549 1840 1801 1761 1276 1445 1929 1841 1930 1074 1233 1344 1986 1057 1933 1557 1025 1557 1883 1677 1533 1857 1202 1459 1176 1170 1682 1420 1602 1189 1784 1014 1144 1635 1889 1185 1434 1883 1739 1768 1875 1324 1451 1223 1222 1587 1159 1815 1172 1329 1762 1483 1557 1831 1707 1210 1536 1137 1280 1040 1774 1507 1228 1236 1771 1462 1081 BCNSPRNW ULIB Ver.6.0+V

เปลี่ยนเป็นภาษาไทย

Change to English
 แสดงรายละเอียดบรรณานุกรม
  กลับหน้าหลัก

Brief Record : Get Marc (ISO 2709) : E-mail record : QR code < ปิดหน้าต่าง
LEADER : 00000nam 2200000uu 4500
001    13399108577
003     ULIB
008    110309s2551||||th 000 0 tha d
020    9789742892081
060  4 QV770^bณ249ว 2551
100 0  ณรงค์ศักดิ์ ค้านอธรรม
245 00 ว่าน:สมุนไพรไม้มงคลไทย/^cณรงค์ศักดิ์ ค้านอธรรม
250    พิมพ์ครั้งที่ 1
260    กรุงเทพฯ:^bบ้านและสวน,^c2551
300    407 หน้า:^bภาพประกอบสี
650  7 ว่าน
650  7 สมุนไพร
650  7 ไม้มงคล
650  7 ความเชื่อ
945    ^p615^l0^i024826
945    ^p615^l0^i024825
995    ทศพร
999 ^a ใช้งานได้ทุกระบบ
รายการนี้ยังไม่มีแท็ก
คุณยังไม่ได้ล็อกอิน คุณสามารถมีกิจกรรมร่วมกับเว็บไซต์ได้ แต่ต้องล็อกอินก่อน ::
  ล็อกอิน

รายการสื่อสารสนเทศ

ลำดับที่ ประเภท เลขเรียก/บาร์โค้ด สถานที่ สถานะ
- ไม่พบข้อมูล -

รายการใกล้เคียง
    หัวเรื่อง [ว่าน]
    หัวเรื่อง [สมุนไพร]
    หัวเรื่อง [ไม้มงคล]
    หัวเรื่อง [ความเชื่อ]

BibComment


ยังไม่เคยถูกคอมเมนท์

คอมเมนท์ทรัพยากรรายการนี้
  คอมเมนท์: ว่านสมุนไพรไม้มงค..


 Copyright 2026. Bcnsprnw @Library